000 00485nam a2200205Ia 4500
003 0100
008 130303s9999 xx 000 0 und d
040 _cARRUPELIB
050 _aBX830.1962A8I34 1966
100 _aFord, John
245 4 _aThe Impact of Vatican II
260 _aLondon
260 _bB Herder Book
260 _C1966
300 _avi
300 _b 88p. 22cm.
650 _bIgnatius of Loyola, st
700 _aHorrigan, Alfred ... et al
942 _2lcc
_05
999 _c58473
_d58473